书目信息 |
| 题名: |
应用气候学
|
|
| 作者: | 唐永顺 编著 | |
| 分册: | ||
| 出版信息: | 北京 科学出版社 2004 |
|
| 页数: | 10,349页 | |
| 开本: | 24cm | |
| 丛书名: | ||
| 单 册: | ||
| 中图分类: | P46 | |
| 科图分类: | ||
| 主题词: | 应用气候学 | |
| 电子资源: | ||
| ISBN: | 7-03-014594-1 | |
| 000 | 00739nam0 2200241 450 | |
| 001 | 002852886 | |
| 005 | 20070805105907.85 | |
| 010 | @a7-03-014594-1@dCNY38.00 | |
| 035 | @a002852886 | |
| 100 | @a20050104d2004 em y0chiy0110 ea | |
| 101 | 0 | @achi |
| 102 | @aCN@b110000 | |
| 105 | @ay z 000yy | |
| 106 | @ar | |
| 200 | 1 | @a应用气候学@Aying yong qi hou xue@f唐永顺编著@Ftang yong shun bian zhu |
| 210 | @a北京@c科学出版社@d2004 | |
| 215 | @a10,349页@d24cm | |
| 330 | @a本书介绍了气候学在国民经济各部门的应用,内容包括农牧业、林业、建筑业、交通运输业、能源工业等领域的气候应用原理和方法。 | |
| 606 | 0 | @a应用气候学 |
| 690 | @aP46@v4 | |
| 701 | 0 | @a唐永顺@Atang yong shun@4编著 |
| 801 | 0 | @aCN@bNLC@c20070805 |
| 905 | @dP46@e66@f4 | |
| 应用气候学/唐永顺编著.-北京:科学出版社,2004 |
| 10,349页;24cm |
| ISBN 7-03-014594-1:CNY38.00 |
| 本书介绍了气候学在国民经济各部门的应用,内容包括农牧业、林业、建筑业、交通运输业、能源工业等领域的气候应用原理和方法。 |
| ● |
| 相关链接 |
|
|
|
|
正题名:应用气候学
索取号:P46/66
 
预约/预借
| 序号 | 登录号 | 条形码 | 馆藏地/架位号 | 状态 | 备注 |
| 1 | 0851743 | 208517434 | 第二样本阅览室/ [索取号:P46/66] | 在馆 | |
| 2 | 0851744 | 208517443 | 第三借阅区/ [索取号:P46/66] | 在馆 | |
| 3 | 0851745 | 208517452 | 第三借阅区/ [索取号:P46/66] | 在馆 | |
| 4 | 0851746 | 208517461 | 第三借阅区/ [索取号:P46/66] | 在馆 |